Oeuvres de F. Rabelais (Record no. 162861)

MARC details
000 -LEADER
campo de control de longitud fija 00742nam a22001815i 4500
001 - NÚMERO DE CONTROL
campo de control 162861
003 - IDENTIFICADOR DE NÚMERO DE CONTROL
campo de control ES-MaACL
005 - FECHA Y HORA DE LA ÚLTIMA TRANSACCIÓN
campo de control 20250929063237.0
008 - DATOS DE LONGITUD FIJA--INFORMACIÓN GENERAL
campo de control de longitud fija 050705s1840 fr a |||| | fre d
040 ## - FUENTE DE CATALOGACIÓN
Centro catalogador/agencia de origen CAM
Lengua de catalogación spa
Centro/agencia transcriptor CAM
100 1# - ENTRADA PRINCIPAL--NOMBRE DE PERSONA
Nombre de persona Rabelais, François,
Fechas asociadas al nombre ca. 1494-1553
9 (RLIN) 94857
245 10 - MENCIÓN DEL TÍTULO
Título Oeuvres de F. Rabelais
Resto del título : précédées d'une notice sur sa vie et ses ouvrages avec glossaire, tables, erotica verba, rabeloesiana, etc.
260 ## - PUBLICACIÓN, DISTRIBUCIÓN, ETC.
Lugar de publicación, distribución, etc. Paris :
Nombre del editor, distribuidor, etc. Auguste Desdrez, imprimeur-éditeur,
Fecha de publicación, distribución, etc. 1840 (
Fabricante Imprimerie de Casimir)
300 ## - DESCRIPCIÓN FÍSICA
Extensión VII, 677 p., [1] h. de lám. ;
Dimensiones 26 cm.
599 ## - NOTA A LAS ILUSTRACIONES
NOTA A LAS ILUSTRACIONES La h. de lám., grab. calc., retrato del autor.
852 ## - LOCALIZACIÓN
Ubicación ES-MaACL
Número de control de estantería G-13772
Nota libre -- Enc. hol., deteriorada
Holdings
Estatus retirado Estado de pérdida Estado de daño No para préstamo Colección Biblioteca de origen Biblioteca actual Ubicación en estantería Fecha de adquisición Fuente de adquisición Total de préstamos Signatura topográfica completa Código de barras Visto por última vez Precio de reemplazo Tipo de ítem Koha
        Libros del s. XIX Biblioteca del Ateneo de Madrid Biblioteca del Ateneo de Madrid Sala Pecera Planta 3 17/01/2008     G-13772 1170635 23/02/2023 23/02/2023 Libro impreso antiguo